Tak my pracjuvaly

Bibliographic Details
Main Author: Babej, Peter 1900-1979 (Author)
Format: Article
Language:Ukrainian
PhysicalDescription:Fotogr.
Subjects:

MARC

LEADER 00000nab a2200000 a 4500
001 vtls008851444
003 SK-MaSNL
005 20260426105444.0
008 180405c1966 xo wr p 000 c0ukr
015 |a SNBRA2006/10 
038 |a SVKPOCL 
040 |a SVKPO  |b slo  |c SVKPO  |e AACR2 
041 0 |a ukr 
044 |a xo  |c SK 
080 |a 94(100)"1939/1945":355.48  |2 2001 
080 |a 94(437.67)  |x "1938/1944"  |2 2001 
080 |a 355.48  |2 2001 
080 |a 323.25/.26(437.67)"1938/1944":329.18  |2 2001 
080 |a 329.18  |2 2001 
080 |a 323.15(=161.2)(437.67)  |2 2001 
100 1 |a Babej, Peter  |d 1900-1979  |4 aut  |9 774130 
245 1 0 |a Tak my pracjuvaly  |c Petro Babej 
300 |b Fotogr. 
500 |a Publikované v I. časti Učast' ukrajins'koho naselennja Prjašivščyny v partyzans'kij borot'bi ta SNP. Spohady 
648 7 |a 1938-1944  |2 svkpocl  |9 346390 
650 0 7 |a druhá svetová vojna (1939-1945)  |2 svkpocl  |9 169657 
650 0 7 |a protifašistický odboj  |2 svkpocl  |9 4751 
650 0 7 |a Ukrajinci  |2 svkpocl  |9 19025 
651 7 |a Slovensko východné  |2 svkpocl  |9 161134 
655 7 |a memoáre  |2 svkpocl  |9 276745 
773 0 |t Šljach do voli  |d Svydnyk : Muzej ukrajins'koji kul'tury ; Prjašiv : Slovac'ke pedahohične vydavnyctvo : Viddil ukrajins'koji literatury, 1966  |g S. 39-67 
852 |a SVKPO  |b KIS3GCP 
958 |a UK 
958 |a SK 
958 |a RN 
999 |c 3351981  |d 3353911